Biblioteca y Centro de Documentación

Informe anual del CES sobre la situación general socioeconómica de la Comunidad en 1994 (Registro nro. 3552)

Detalles MARC
000 -CABECERA
Longitud fija campo de control 01599nam a2200481 c 4500
001 - NÚMERO DE CONTROL
Número de control 3552
003 - IDENTIFICADOR DE NÚMERO DE CONTROL
Identificador del número de control ES-MaCES
005 - FECHA Y HORA DE LA ÚLTIMA TRANSACCIÓN
Fecha y hora de la última transacción 20150929140409.0
008 - CAMPO FIJO DE DESCRIPCIÓN FIJA--INFORMACIÓN GENERAL
Códigos de información de longitud fija   951205s1995 sp ||| | spa d
035 ## - NÚMERO DE CONTROL DEL SISTEMA
Número de control del sistema CES19980035783m
040 ## - FUENTE DE CATALOGACIÓN
Centro catalogador de origen ES-MaCES
Lengua de catalogación spa
Centro transcriptor ES-MaCES
245 00 - MENCIÓN DE TÍTULO
Título Informe anual del CES sobre la situación general socioeconómica de la Comunidad en 1994
Mención de responsabilidad, etc. Consejo Económico y Social, Comunidad de Castilla y León
260 ## - PUBLICACIÓN, DISTRIBUCIÓN, ETC (PIE DE IMPRENTA)
Lugar de publicación, distribución, etc. [Valladolid?]
Nombre del editor, distribuidor, etc. [s.n.]
Fecha de publicación, distribución, etc. [1995]
300 ## - DESCRIPCIÓN FÍSICA
Extensión 193 h.
Dimensiones 30 cm
500 ## - NOTA GENERAL
Nota general Tít. tomado de la cub.
541 ## - NOTA DE LA FUENTE INMEDIANTE DE ADQUISICIÓN
Forma de adquisición Gratuito
650 #4 - ASIENTO SECUNDARIO DE MATERIA--TÉRMINO DE MATERIA
Término de materia o nombre geográfico como elemento inicial condiciones económicas
9 (RLIN) 27081
650 #4 - ASIENTO SECUNDARIO DE MATERIA--TÉRMINO DE MATERIA
Término de materia o nombre geográfico como elemento inicial indicador económico
9 (RLIN) 27073
650 #4 - ASIENTO SECUNDARIO DE MATERIA--TÉRMINO DE MATERIA
Término de materia o nombre geográfico como elemento inicial sector agrícola
9 (RLIN) 27488
650 #4 - ASIENTO SECUNDARIO DE MATERIA--TÉRMINO DE MATERIA
Término de materia o nombre geográfico como elemento inicial sector industrial
9 (RLIN) 27618
650 #4 - ASIENTO SECUNDARIO DE MATERIA--TÉRMINO DE MATERIA
Término de materia o nombre geográfico como elemento inicial construcción
9 (RLIN) 30288
650 #4 - ASIENTO SECUNDARIO DE MATERIA--TÉRMINO DE MATERIA
Término de materia o nombre geográfico como elemento inicial comercio
9 (RLIN) 27943
650 #4 - ASIENTO SECUNDARIO DE MATERIA--TÉRMINO DE MATERIA
Término de materia o nombre geográfico como elemento inicial precio
9 (RLIN) 27915
650 #4 - ASIENTO SECUNDARIO DE MATERIA--TÉRMINO DE MATERIA
Término de materia o nombre geográfico como elemento inicial salario
9 (RLIN) 28387
650 #4 - ASIENTO SECUNDARIO DE MATERIA--TÉRMINO DE MATERIA
Término de materia o nombre geográfico como elemento inicial administración fiscal
9 (RLIN) 27209
650 #4 - ASIENTO SECUNDARIO DE MATERIA--TÉRMINO DE MATERIA
Término de materia o nombre geográfico como elemento inicial mercado de trabajo
9 (RLIN) 28292
650 #4 - ASIENTO SECUNDARIO DE MATERIA--TÉRMINO DE MATERIA
Término de materia o nombre geográfico como elemento inicial condiciones de trabajo
9 (RLIN) 28327
650 #4 - ASIENTO SECUNDARIO DE MATERIA--TÉRMINO DE MATERIA
Término de materia o nombre geográfico como elemento inicial protección social
9 (RLIN) 29076
650 #4 - ASIENTO SECUNDARIO DE MATERIA--TÉRMINO DE MATERIA
Término de materia o nombre geográfico como elemento inicial pobreza
9 (RLIN) 27112
650 #4 - ASIENTO SECUNDARIO DE MATERIA--TÉRMINO DE MATERIA
Término de materia o nombre geográfico como elemento inicial condiciones sociales
9 (RLIN) 30469
650 #4 - ASIENTO SECUNDARIO DE MATERIA--TÉRMINO DE MATERIA
Término de materia o nombre geográfico como elemento inicial vivienda
9 (RLIN) 28598
650 #4 - ASIENTO SECUNDARIO DE MATERIA--TÉRMINO DE MATERIA
Término de materia o nombre geográfico como elemento inicial infraestructura
9 (RLIN) 28025
650 #4 - ASIENTO SECUNDARIO DE MATERIA--TÉRMINO DE MATERIA
Término de materia o nombre geográfico como elemento inicial Castilla y León
9 (RLIN) 30782
650 #4 - ASIENTO SECUNDARIO DE MATERIA--TÉRMINO DE MATERIA
Término de materia o nombre geográfico como elemento inicial 1994
9 (RLIN) 30780
650 #4 - ASIENTO SECUNDARIO DE MATERIA--TÉRMINO DE MATERIA
Término de materia o nombre geográfico como elemento inicial cuadros estadísticos
9 (RLIN) 28890
650 #4 - ASIENTO SECUNDARIO DE MATERIA--TÉRMINO DE MATERIA
Término de materia o nombre geográfico como elemento inicial informe
9 (RLIN) 28986
653 10 - TÉRMINO DE INDEXACIÓN--NO CONTROLADO
Término no controlado Estadísticas económico-sociales
650 #4 - ASIENTO SECUNDARIO DE MATERIA--TÉRMINO DE MATERIA
9 (RLIN) 27947
Término de materia o nombre geográfico como elemento inicial sector terciario
710 2# - ENCABEZAMIENTO SECUNDARIO--NOMBRE CORPORATIVO
Nombre de entidad o nombre de jurisdicción como elemento inicial Consejo Económico y Social (Castilla y León)
9 (RLIN) 2405
902 ## - CES. TIPO DE DOCUMENTO
Tipodoc (006$c Sirtex) DOC Literatura gris
942 ## - ELEMENTOS KOHA
Fuente de clasificaión o esquema Clasificación propia del CES
Koha [por defecto] tipo de item Monografías
Parte de clasificación 8.2.
Existencias
Número de registro Signatura completa Tipo de item de Koha
012206 CES CYL-21 Monografías
© CES, Consejo Económico y Social de España 2021